[Event "Amateur Tournament (ATO)"]
[Site "https://www.chess.com"]
[Date "2025.07.18"]
[Round "4"]
[White "Schmid, Nicola"]
[Black "Tereshchenko, Eva"]
[Result "0-1"]
[Board "6"]
[WhiteFideId "1320769"]
[BlackFideId "34389903"]
[WhiteElo "1910"]
[BlackElo "1809"]
[WhiteTeam "SUI"]
[BlackTeam "FID"]
[WhiteClock "0:15:57"]
[BlackClock "0:08:20"]
[Variant "Standard"]

1. d4 {[%clk 1:30:50]}  d5 {[%clk 1:30:55]} 2. Nf3 {[%clk 1:30:59]}  Nf6 {[%clk 1:31:19]} 3. b3 {[%clk 1:31:23]}  e6 {[%clk 1:31:42]} 4. e3 {[%clk 1:31:49]}  Be7 {[%clk 1:32:05]} 5. Bd3 {[%clk 1:32:15]}  b6 {[%clk 1:32:22]} 6. Nbd2 {[%clk 1:32:30]}  Bb7 {[%clk 1:32:40]} 7. Bb2 {[%clk 1:32:47]}  O-O {[%clk 1:32:59]} 8. O-O {[%clk 1:33:12]}  c5 {[%clk 1:33:07]} 9. Ne5 {[%clk 1:33:01]}  Nc6 {[%clk 1:32:58]} 10. a3 {[%clk 1:31:36]}  Rc8 {[%clk 1:32:41]} 11. f4 {[%clk 1:31:00]}  Nd7 {[%clk 1:26:28]} 12. Rf3 {[%clk 1:22:18]}  f5 {[%clk 1:23:43]} 13. g4 {[%clk 1:17:56]}  cxd4 {[%clk 1:13:47]} 14. exd4 {[%clk 1:11:26]}  Bd6 {[%clk 1:12:04]} 15. gxf5 {[%clk 1:09:02]}  exf5 {[%clk 1:10:51]} 16. Rg3 {[%clk 1:05:47]}  Qe8 {[%clk 0:41:50]} 17. c4 {[%clk 1:03:05]}  Ne7 {[%clk 0:40:59]} 18. Rc1 {[%clk 0:44:33]}  Nf6 {[%clk 0:40:18]} 19. b4 {[%clk 0:42:43]}  Nh5 {[%clk 0:37:16]} 20. Rf3 {[%clk 0:39:21]}  Bxe5 {[%clk 0:29:16]} 21. fxe5 {[%clk 0:36:32]}  Qg6+ {[%clk 0:23:52]} 22. Kf2 {[%clk 0:35:28]}  dxc4 {[%clk 0:22:51]} 23. Bxc4+ {[%clk 0:34:06]}  Kh8 {[%clk 0:22:53]} 24. d5 {[%clk 0:33:17]}  Nxd5 {[%clk 0:20:51]} 25. Qb3 {[%clk 0:32:54]}  Ndf4 {[%clk 0:13:53]} 26. Rg1 {[%clk 0:30:56]}  Qh6 {[%clk 0:13:36]} 27. Re3 {[%clk 0:26:24]}  Nh3+ {[%clk 0:10:51]} 28. Rxh3 {[%clk 0:22:33]}  Qxd2+ {[%clk 0:11:16]} 29. Kf1 {[%clk 0:21:47]}  Qf4+ {[%clk 0:08:54]} 30. Ke1 {[%clk 0:21:50]}  Rxc4 {[%clk 0:08:11]} 31. Rxh5 {[%clk 0:16:26]}  Re4+ {[%clk 0:07:55]} 32. Kd1 {[%clk 0:15:57]}  Rd8+ {[%clk 0:08:20]} 0-1

[Event "Amateur Tournament (ATO)"]
[Site "https://www.chess.com"]
[Date "2025.07.18"]
[Round "4"]
[White "Kleinhenz, Hans-Georg"]
[Black "Lesniak, Julien"]
[Result "1/2-1/2"]
[Board "8"]
[WhiteFideId "4634438"]
[BlackFideId "1303074"]
[WhiteElo "1843"]
[BlackElo "1741"]
[WhiteTeam "GER"]
[BlackTeam "SUI"]
[WhiteClock "1:02:28"]
[BlackClock "1:01:55"]
[Variant "Standard"]

1. d4 {[%clk 1:30:57]}  Nf6 {[%clk 1:29:30]} 2. Nf3 {[%clk 1:30:49]}  g6 {[%clk 1:29:27]} 3. g3 {[%clk 1:30:45]}  Bg7 {[%clk 1:27:37]} 4. Bg2 {[%clk 1:30:17]}  d6 {[%clk 1:26:10]} 5. O-O {[%clk 1:28:37]}  O-O {[%clk 1:24:50]} 6. b3 {[%clk 1:26:39]}  Nbd7 {[%clk 1:20:59]} 7. Bb2 {[%clk 1:24:14]}  Re8 {[%clk 1:16:13]} 8. Nbd2 {[%clk 1:15:27]}  e5 {[%clk 1:12:10]} 9. dxe5 {[%clk 1:11:34]}  Nxe5 {[%clk 1:10:38]} 10. Nxe5 {[%clk 1:06:03]}  dxe5 {[%clk 1:10:19]} 11. e4 {[%clk 1:02:28]}  Bg4 {[%clk 1:01:55]} 1/2-1/2

[Event "Amateur Tournament (ATO)"]
[Site "https://www.chess.com"]
[Date "2025.07.18"]
[Round "4"]
[White "Eigenmann, Walter"]
[Black "Kalbermatter, Philipp"]
[Result "1/2-1/2"]
[Board "10"]
[WhiteFideId "1324632"]
[BlackFideId "1327976"]
[WhiteElo "1764"]
[BlackElo "1908"]
[WhiteTeam "SUI"]
[BlackTeam "SUI"]
[WhiteClock "0:31:22"]
[BlackClock "0:15:58"]
[Variant "Standard"]

1. d4 {[%clk 1:30:54]}  d5 {[%clk 1:30:39]} 2. c4 {[%clk 1:31:08]}  c6 {[%clk 1:30:29]} 3. Nf3 {[%clk 1:30:43]}  dxc4 {[%clk 1:29:47]} 4. e3 {[%clk 1:30:35]}  Be6 {[%clk 1:27:16]} 5. Qc2 {[%clk 1:28:56]}  Nf6 {[%clk 1:25:04]} 6. Bxc4 {[%clk 1:28:27]}  Bxc4 {[%clk 1:23:55]} 7. Qxc4 {[%clk 1:28:48]}  e6 {[%clk 1:14:39]} 8. Nc3 {[%clk 1:28:12]}  Nbd7 {[%clk 1:12:46]} 9. O-O {[%clk 1:27:45]}  Be7 {[%clk 1:09:54]} 10. e4 {[%clk 1:27:30]}  O-O {[%clk 1:07:16]} 11. Bg5 {[%clk 1:18:00]}  h6 {[%clk 0:59:21]} 12. Bh4 {[%clk 1:14:27]}  Nh5 {[%clk 0:46:23]} 13. Bxe7 {[%clk 1:12:56]}  Qxe7 {[%clk 0:46:49]} 14. g3 {[%clk 1:11:32]}  Nhf6 {[%clk 0:45:21]} 15. Rad1 {[%clk 1:08:37]}  Rfd8 {[%clk 0:42:36]} 16. Rfe1 {[%clk 1:02:02]}  a5 {[%clk 0:34:51]} 17. a3 {[%clk 0:58:20]}  Rac8 {[%clk 0:31:16]} 18. e5 {[%clk 0:56:28]}  Ne8 {[%clk 0:27:46]} 19. Ne4 {[%clk 0:51:00]}  b6 {[%clk 0:18:54]} 20. b4 {[%clk 0:47:56]}  axb4 {[%clk 0:18:45]} 21. axb4 {[%clk 0:47:48]}  b5 {[%clk 0:18:04]} 22. Rc1 {[%clk 0:43:12]}  Nb6 {[%clk 0:15:58]} 23. Nc5 {[%clk 0:31:22]} 1/2-1/2

[Event "Amateur Tournament (ATO)"]
[Site "https://www.chess.com"]
[Date "2025.07.18"]
[Round "4"]
[White "Kulikov, Mikhail L"]
[Black "Avilova, Yulia"]
[Result "1-0"]
[Board "11"]
[WhiteFideId "4147847"]
[BlackFideId "34166073"]
[WhiteElo "1907"]
[BlackElo "1762"]
[WhiteTeam "RUS"]
[BlackTeam "SUI"]
[WhiteClock "0:18:15"]
[BlackClock "0:19:21"]
[Variant "Standard"]

1. e4 {[%clk 1:30:50]}  c5 {[%clk 1:30:30]} 2. Nf3 {[%clk 1:30:50]}  d6 {[%clk 1:30:55]} 3. d4 {[%clk 1:31:15]}  cxd4 {[%clk 1:31:20]} 4. Nxd4 {[%clk 1:31:39]}  Nf6 {[%clk 1:31:46]} 5. Nc3 {[%clk 1:32:00]}  a6 {[%clk 1:32:12]} 6. h3 {[%clk 1:32:19]}  e6 {[%clk 1:32:23]} 7. Be3 {[%clk 1:32:35]}  b5 {[%clk 1:32:08]} 8. a3 {[%clk 1:31:59]}  Bb7 {[%clk 1:30:25]} 9. Bd3 {[%clk 1:32:18]}  Nbd7 {[%clk 1:29:49]} 10. Qe2 {[%clk 1:32:20]}  Rc8 {[%clk 1:19:39]} 11. f4 {[%clk 1:32:27]}  Nc5 {[%clk 1:18:20]} 12. Bf2 {[%clk 1:31:16]}  d5 {[%clk 1:16:47]} 13. e5 {[%clk 1:20:14]}  Nfe4 {[%clk 1:15:09]} 14. Bxe4 {[%clk 1:17:08]}  dxe4 {[%clk 1:15:02]} 15. O-O {[%clk 1:17:37]}  Qc7 {[%clk 0:55:03]} 16. Rac1 {[%clk 1:06:05]}  g5 {[%clk 0:48:46]} 17. b4 {[%clk 0:55:27]}  gxf4 {[%clk 0:40:32]} 18. bxc5 {[%clk 0:55:55]}  Qxe5 {[%clk 0:37:39]} 19. c6 {[%clk 0:56:14]}  Bxc6 {[%clk 0:36:45]} 20. Nxc6 {[%clk 0:46:09]}  Qxc3 {[%clk 0:36:30]} 21. Bd4 {[%clk 0:46:28]}  Bc5 {[%clk 0:31:23]} 22. Qxe4 {[%clk 0:40:36]}  Bxd4+ {[%clk 0:29:53]} 23. Nxd4 {[%clk 0:27:54]}  Qe3+ {[%clk 0:27:30]} 24. Qxe3 {[%clk 0:25:29]}  fxe3 {[%clk 0:27:52]} 25. c3 {[%clk 0:25:54]}  Rc5 {[%clk 0:23:41]} 26. Rf3 {[%clk 0:19:48]}  Rg8 {[%clk 0:22:02]} 27. Rxe3 {[%clk 0:19:26]}  Kd7 {[%clk 0:21:34]} 28. Rf1 {[%clk 0:18:34]}  Rf8 {[%clk 0:19:21]} 29. Nxe6 {[%clk 0:18:15]} 1-0

[Event "Amateur Tournament (ATO)"]
[Site "https://www.chess.com"]
[Date "2025.07.18"]
[Round "4"]
[White "Boyer, Jean-Francois"]
[Black "Ploder, Udo"]
[Result "0-1"]
[Board "12"]
[WhiteFideId "650226"]
[BlackFideId "4699955"]
[WhiteElo "1743"]
[BlackElo "1886"]
[WhiteTeam "FRA"]
[BlackTeam "GER"]
[WhiteClock "0:19:38"]
[BlackClock "0:16:05"]
[Variant "Standard"]

1. e4 {[%clk 1:30:57]}  e5 {[%clk 1:30:51]} 2. Nf3 {[%clk 1:31:19]}  Nc6 {[%clk 1:31:13]} 3. Nc3 {[%clk 1:30:29]}  Nf6 {[%clk 1:31:19]} 4. d4 {[%clk 1:30:49]}  exd4 {[%clk 1:31:22]} 5. Nxd4 {[%clk 1:31:10]}  Bb4 {[%clk 1:31:21]} 6. Nxc6 {[%clk 1:31:02]}  bxc6 {[%clk 1:31:45]} 7. Bd3 {[%clk 1:30:13]}  d5 {[%clk 1:31:34]} 8. exd5 {[%clk 1:28:54]}  O-O {[%clk 1:30:58]} 9. O-O {[%clk 1:28:50]}  cxd5 {[%clk 1:29:29]} 10. Ne2 {[%clk 1:13:28]}  Bd6 {[%clk 1:20:26]} 11. Bf4 {[%clk 1:08:33]}  Ng4 {[%clk 1:13:24]} 12. Qd2 {[%clk 1:05:39]}  Rb8 {[%clk 1:06:14]} 13. b3 {[%clk 0:53:10]}  Ne5 {[%clk 1:01:32]} 14. Rad1 {[%clk 0:45:20]}  c6 {[%clk 0:52:56]} 15. c4 {[%clk 0:36:15]}  Be6 {[%clk 0:43:46]} 16. c5 {[%clk 0:29:24]}  Bc7 {[%clk 0:43:39]} 17. Bb1 {[%clk 0:28:06]}  Ng6 {[%clk 0:42:33]} 18. Bxc7 {[%clk 0:25:58]}  Qxc7 {[%clk 0:42:51]} 19. Rfe1 {[%clk 0:22:47]}  Bd7 {[%clk 0:39:59]} 20. Nd4 {[%clk 0:18:15]}  Rfe8 {[%clk 0:38:00]} 21. g3 {[%clk 0:16:38]}  Nf8 {[%clk 0:32:17]} 22. b4 {[%clk 0:15:21]}  g6 {[%clk 0:30:07]} 23. h4 {[%clk 0:12:46]}  Bg4 {[%clk 0:29:02]} 24. Rc1 {[%clk 0:12:46]}  h5 {[%clk 0:23:16]} 25. Bd3 {[%clk 0:11:44]}  Bd7 {[%clk 0:20:27]} 26. a4 {[%clk 0:10:11]}  Kg7 {[%clk 0:19:30]} 27. b5 {[%clk 0:08:45]}  Ne6 {[%clk 0:16:10]} 28. bxc6 {[%clk 0:05:21]}  Nxd4 {[%clk 0:16:04]} 29. cxd7 {[%clk 0:05:38]}  Nf3+ {[%clk 0:16:11]} 30. Kg2 {[%clk 0:04:24]}  Nxe1+ {[%clk 0:12:35]} 31. Rxe1 {[%clk 0:03:26]}  Rxe1 {[%clk 0:11:39]} 32. Qxe1 {[%clk 0:02:39]}  Rd8 {[%clk 0:11:04]} 33. Bb5 {[%clk 0:02:17]}  Qxc5 {[%clk 0:08:48]} 34. Qe5+ {[%clk 0:01:25]}  Kh7 {[%clk 0:08:57]} 35. Qe8 {[%clk 0:01:39]}  Qf8 {[%clk 0:09:14]} 36. Qxf8 {[%clk 0:01:35]}  Rxf8 {[%clk 0:09:28]} 37. Kf3 {[%clk 0:01:50]}  Kg7 {[%clk 0:09:31]} 38. Ke3 {[%clk 0:01:57]}  Kf6 {[%clk 0:09:49]} 39. Kd4 {[%clk 0:02:20]}  Ke6 {[%clk 0:09:58]} 40. Kc5 {[%clk 0:02:27]}  Rd8 {[%clk 0:08:49]} 41. Kc6 {[%clk 0:01:57]}  Rxd7 {[%clk 0:08:46]} 42. a5 {[%clk 0:30:10]}  d4 {[%clk 0:37:10]} 43. Bd3 {[%clk 0:30:13]}  a6 {[%clk 0:34:15]} 44. f3 {[%clk 0:30:11]}  Rd6+ {[%clk 0:32:44]} 45. Kc5 {[%clk 0:29:27]}  f5 {[%clk 0:29:37]} 46. f4 {[%clk 0:28:32]}  Ke7 {[%clk 0:28:20]} 47. Kc4 {[%clk 0:28:30]}  Kd7 {[%clk 0:28:32]} 48. Kc5 {[%clk 0:28:17]}  Kc7 {[%clk 0:28:28]} 49. Kc4 {[%clk 0:27:46]}  Kc6 {[%clk 0:28:23]} 50. Kb4 {[%clk 0:27:30]}  Kd5 {[%clk 0:28:06]} 51. Bb1 {[%clk 0:24:49]}  Rc6 {[%clk 0:28:06]} 52. Bd3 {[%clk 0:24:49]}  Kd6 {[%clk 0:23:07]} 53. Bf1 {[%clk 0:21:32]}  Rc3 {[%clk 0:22:22]} 54. Bxa6 {[%clk 0:21:28]}  Rxg3 {[%clk 0:22:37]} 55. Bc4 {[%clk 0:21:21]}  Kc6 {[%clk 0:20:22]} 56. Bb5+ {[%clk 0:19:58]}  Kb7 {[%clk 0:20:34]} 57. a6+ {[%clk 0:20:15]}  Kb6 {[%clk 0:20:35]} 58. Bc4 {[%clk 0:20:32]}  Rg4 {[%clk 0:18:01]} 59. Bf7 {[%clk 0:19:29]}  Kxa6 {[%clk 0:17:36]} 60. Kc4 {[%clk 0:19:49]}  Rxf4 {[%clk 0:16:53]} 61. Bxg6 {[%clk 0:20:11]}  Rxh4 {[%clk 0:16:59]} 62. Bxf5 {[%clk 0:20:26]}  Kb6 {[%clk 0:16:40]} 63. Kd5 {[%clk 0:19:16]}  Kb5 {[%clk 0:16:28]} 64. Be4 {[%clk 0:19:38]}  Rxe4 {[%clk 0:16:05]} 0-1

[Event "Amateur Tournament (ATO)"]
[Site "https://www.chess.com"]
[Date "2025.07.18"]
[Round "4"]
[White "Ruchat, Blaise"]
[Black "Pantillon, Patrick Andre"]
[Result "1/2-1/2"]
[Board "13"]
[WhiteFideId "1328921"]
[BlackFideId "1313266"]
[WhiteElo "1874"]
[BlackElo "1764"]
[WhiteTeam "SUI"]
[BlackTeam "SUI"]
[WhiteClock "0:03:46"]
[BlackClock "0:12:41"]
[Variant "Standard"]

1. Nf3 {[%clk 1:30:58]}  d5 {[%clk 1:30:22]} 2. g3 {[%clk 1:30:29]}  Nf6 {[%clk 1:30:11]} 3. Bg2 {[%clk 1:30:50]}  Bf5 {[%clk 1:25:45]} 4. d3 {[%clk 1:30:57]}  Nbd7 {[%clk 1:25:50]} 5. Nh4 {[%clk 1:29:33]}  Bg6 {[%clk 1:25:03]} 6. c4 {[%clk 1:22:13]}  c6 {[%clk 1:21:08]} 7. Qb3 {[%clk 1:19:21]}  dxc4 {[%clk 1:05:31]} 8. Qxc4 {[%clk 1:19:41]}  e6 {[%clk 1:05:15]} 9. Nxg6 {[%clk 1:14:15]}  hxg6 {[%clk 1:04:53]} 10. O-O {[%clk 1:14:24]}  Bd6 {[%clk 1:00:17]} 11. Nd2 {[%clk 1:00:48]}  Ne5 {[%clk 0:54:45]} 12. Qb3 {[%clk 0:59:55]}  Qc7 {[%clk 0:48:04]} 13. Nc4 {[%clk 0:30:06]}  Nxc4 {[%clk 0:42:36]} 14. Qxc4 {[%clk 0:29:40]}  Rh5 {[%clk 0:39:31]} 15. Bf4 {[%clk 0:27:18]}  Bxf4 {[%clk 0:38:29]} 16. Qxf4 {[%clk 0:27:38]}  Qxf4 {[%clk 0:38:08]} 17. gxf4 {[%clk 0:28:05]}  Kd7 {[%clk 0:34:44]} 18. e3 {[%clk 0:26:08]}  Rah8 {[%clk 0:34:11]} 19. h3 {[%clk 0:26:16]}  g5 {[%clk 0:34:08]} 20. fxg5 {[%clk 0:23:06]}  Rxg5 {[%clk 0:34:01]} 21. f4 {[%clk 0:23:23]}  Rg6 {[%clk 0:32:49]} 22. Kf2 {[%clk 0:23:28]}  Nd5 {[%clk 0:29:35]} 23. a3 {[%clk 0:19:33]}  Ne7 {[%clk 0:28:56]} 24. Rg1 {[%clk 0:15:08]}  Rf6 {[%clk 0:22:00]} 25. Ke2 {[%clk 0:10:09]}  Nf5 {[%clk 0:20:41]} 26. Bf1 {[%clk 0:06:37]}  g6 {[%clk 0:16:58]} 27. d4 {[%clk 0:05:40]}  Nxd4+ {[%clk 0:15:49]} 28. exd4 {[%clk 0:05:44]}  Rxf4 {[%clk 0:16:04]} 29. Ke3 {[%clk 0:05:07]}  Rhh4 {[%clk 0:15:59]} 30. Rg4 {[%clk 0:03:31]}  Rfxg4 {[%clk 0:15:49]} 31. hxg4 {[%clk 0:03:57]}  Rxg4 {[%clk 0:15:54]} 32. Be2 {[%clk 0:03:34]}  Rh4 {[%clk 0:14:15]} 33. Rf1 {[%clk 0:01:03]}  Ke7 {[%clk 0:14:19]} 34. Rf4 {[%clk 0:01:12]}  Rxf4 {[%clk 0:12:01]} 35. Kxf4 {[%clk 0:01:39]}  f6 {[%clk 0:11:07]} 36. Bd3 {[%clk 0:01:06]}  g5+ {[%clk 0:11:12]} 37. Kg4 {[%clk 0:01:12]}  Kd6 {[%clk 0:10:56]} 38. Bc4 {[%clk 0:01:22]}  b5 {[%clk 0:08:58]} 39. Ba2 {[%clk 0:01:22]}  a5 {[%clk 0:08:40]} 40. Bb3 {[%clk 0:00:40]}  a4 {[%clk 0:08:06]} 41. Ba2 {[%clk 0:30:22]}  e5 {[%clk 0:35:24]} 42. dxe5+ {[%clk 0:23:36]}  Kxe5 {[%clk 0:34:34]} 43. Bf7 {[%clk 0:23:19]}  Ke4 {[%clk 0:28:12]} 44. Be8 {[%clk 0:22:56]}  Kd5 {[%clk 0:19:33]} 45. Kf5 {[%clk 0:20:42]}  Kc5 {[%clk 0:17:50]} 46. Bd7 {[%clk 0:07:48]}  b4 {[%clk 0:15:15]} 47. Kxf6 {[%clk 0:02:21]}  bxa3 {[%clk 0:13:57]} 48. bxa3 {[%clk 0:02:47]}  g4 {[%clk 0:12:21]} 49. Bxg4 {[%clk 0:03:02]}  Kd4 {[%clk 0:12:19]} 50. Bd7 {[%clk 0:03:10]}  Kc3 {[%clk 0:12:20]} 51. Bxc6 {[%clk 0:03:23]}  Kb2 {[%clk 0:12:41]} 52. Bxa4 {[%clk 0:03:46]} 1/2-1/2

[Event "Amateur Tournament (ATO)"]
[Site "https://www.chess.com"]
[Date "2025.07.18"]
[Round "4"]
[White "Leuenberger, Urs"]
[Black "Zarriess, Benjamin"]
[Result "1-0"]
[Board "14"]
[WhiteFideId "1310585"]
[BlackFideId "34606645"]
[WhiteElo "1859"]
[BlackElo "1741"]
[WhiteTeam "SUI"]
[BlackTeam "GER"]
[WhiteClock "0:12:06"]
[BlackClock "0:06:48"]
[Variant "Standard"]

1. d4 {[%clk 1:30:09]}  d5 {[%clk 1:30:30]} 2. c4 {[%clk 1:30:09]}  e6 {[%clk 1:30:34]} 3. Nc3 {[%clk 1:30:25]}  Be7 {[%clk 1:30:47]} 4. Nf3 {[%clk 1:30:44]}  Nf6 {[%clk 1:30:57]} 5. Bg5 {[%clk 1:31:02]}  h6 {[%clk 1:31:04]} 6. Bxf6 {[%clk 1:31:01]}  Bxf6 {[%clk 1:31:06]} 7. e3 {[%clk 1:31:18]}  O-O {[%clk 1:31:23]} 8. Rc1 {[%clk 1:30:54]}  c5 {[%clk 1:30:39]} 9. cxd5 {[%clk 1:30:25]}  exd5 {[%clk 1:28:55]} 10. Be2 {[%clk 1:29:26]}  c4 {[%clk 1:27:48]} 11. O-O {[%clk 1:28:30]}  Be6 {[%clk 1:27:06]} 12. e4 {[%clk 1:22:32]}  dxe4 {[%clk 1:24:31]} 13. Nxe4 {[%clk 1:20:54]}  b5 {[%clk 1:22:28]} 14. Nxf6+ {[%clk 1:18:19]}  Qxf6 {[%clk 1:21:56]} 15. Ne5 {[%clk 1:18:37]}  Bd5 {[%clk 1:18:18]} 16. Rc3 {[%clk 1:16:30]}  a6 {[%clk 1:12:47]} 17. Bf3 {[%clk 1:09:01]}  Qd6 {[%clk 1:08:08]} 18. Re1 {[%clk 1:04:53]}  Nd7 {[%clk 1:02:21]} 19. Rce3 {[%clk 1:03:24]}  Nf6 {[%clk 0:59:00]} 20. g4 {[%clk 1:01:01]}  Rad8 {[%clk 0:48:27]} 21. h3 {[%clk 0:58:23]}  Bxf3 {[%clk 0:37:52]} 22. Nxf3 {[%clk 0:56:10]}  Nd5 {[%clk 0:38:05]} 23. Re4 {[%clk 0:55:21]}  Nf4 {[%clk 0:30:39]} 24. Qd2 {[%clk 0:51:02]}  Nd5 {[%clk 0:27:52]} 25. Nh4 {[%clk 0:49:01]}  Nf6 {[%clk 0:19:28]} 26. Rf4 {[%clk 0:44:56]}  Nd5 {[%clk 0:18:43]} 27. Rfe4 {[%clk 0:44:20]}  Nf6 {[%clk 0:18:46]} 28. Rf4 {[%clk 0:39:18]}  Rde8 {[%clk 0:18:27]} 29. Rd1 {[%clk 0:37:36]}  Re4 {[%clk 0:13:54]} 30. Rf3 {[%clk 0:36:20]}  Rfe8 {[%clk 0:10:45]} 31. Nf5 {[%clk 0:31:40]}  Qd5 {[%clk 0:10:57]} 32. Nxh6+ {[%clk 0:28:03]}  Kh7 {[%clk 0:05:13]} 33. Rxf6 {[%clk 0:27:26]}  gxf6 {[%clk 0:04:53]} 34. Nf5 {[%clk 0:27:16]}  Kg8 {[%clk 0:05:11]} 35. Qh6 {[%clk 0:25:36]}  Re1+ {[%clk 0:04:44]} 36. Rxe1 {[%clk 0:25:48]}  Rxe1+ {[%clk 0:04:57]} 37. Kh2 {[%clk 0:25:57]}  Qh1+ {[%clk 0:05:16]} 38. Kg3 {[%clk 0:16:10]}  Rg1+ {[%clk 0:05:35]} 39. Kh4 {[%clk 0:15:41]}  Qxh3+ {[%clk 0:05:32]} 40. Kxh3 {[%clk 0:15:41]}  Rh1+ {[%clk 0:05:49]} 41. Kg3 {[%clk 0:15:58]}  Rxh6 {[%clk 0:06:07]} 42. Nxh6+ {[%clk 0:15:43]}  Kh7 {[%clk 0:06:24]} 43. Nf5 {[%clk 0:15:57]}  b4 {[%clk 0:06:33]} 44. Ne3 {[%clk 0:15:36]}  b3 {[%clk 0:06:45]} 45. axb3 {[%clk 0:11:46]}  cxb3 {[%clk 0:06:48]} 46. Nc4 {[%clk 0:12:06]} 1-0

[Event "Amateur Tournament (ATO)"]
[Site "https://www.chess.com"]
[Date "2025.07.18"]
[Round "4"]
[White "Trzcinska, Weronika"]
[Black "Ye, Zhanting K."]
[Result "0-1"]
[Board "15"]
[WhiteFideId "41862155"]
[BlackFideId "2533235"]
[WhiteElo "1712"]
[BlackElo "1857"]
[WhiteTeam "POL"]
[BlackTeam "IRL"]
[WhiteClock "0:18:32"]
[BlackClock "0:21:04"]
[Variant "Standard"]

1. e4 {[%clk 1:30:57]}  c5 {[%clk 1:30:26]} 2. Nf3 {[%clk 1:30:55]}  d6 {[%clk 1:30:48]} 3. Bb5+ {[%clk 1:30:55]}  Nd7 {[%clk 1:31:06]} 4. Nc3 {[%clk 1:30:41]}  a6 {[%clk 1:31:09]} 5. Bxd7+ {[%clk 1:30:01]}  Bxd7 {[%clk 1:31:32]} 6. h3 {[%clk 1:29:38]}  Nf6 {[%clk 1:29:49]} 7. d3 {[%clk 1:28:14]}  g6 {[%clk 1:29:43]} 8. O-O {[%clk 1:28:27]}  Bg7 {[%clk 1:29:58]} 9. Be3 {[%clk 1:27:59]}  O-O {[%clk 1:29:20]} 10. Qc1 {[%clk 1:28:12]}  Re8 {[%clk 1:29:00]} 11. Bh6 {[%clk 1:27:11]}  Bh8 {[%clk 1:27:50]} 12. Rb1 {[%clk 1:26:12]}  Qc7 {[%clk 1:25:54]} 13. Nd5 {[%clk 1:23:07]}  Nxd5 {[%clk 1:20:37]} 14. exd5 {[%clk 1:23:15]}  e6 {[%clk 1:17:07]} 15. dxe6 {[%clk 1:23:29]}  Bxe6 {[%clk 1:16:36]} 16. b3 {[%clk 1:23:09]}  Qc6 {[%clk 1:13:00]} 17. Ng5 {[%clk 1:19:54]}  Bd5 {[%clk 1:10:17]} 18. f3 {[%clk 1:15:02]}  Bd4+ {[%clk 1:08:50]} 19. Kh1 {[%clk 1:14:15]}  Re5 {[%clk 1:07:07]} 20. Ne4 {[%clk 1:12:52]}  Rh5 {[%clk 1:00:24]} 21. Bg5 {[%clk 1:11:00]}  Re8 {[%clk 0:53:04]} 22. Qf4 {[%clk 1:07:15]}  Be5 {[%clk 0:51:52]} 23. Qd2 {[%clk 1:06:30]}  Kg7 {[%clk 0:50:26]} 24. Bf4 {[%clk 1:06:12]}  Qd7 {[%clk 0:44:10]} 25. Bxe5+ {[%clk 1:05:18]}  Rhxe5 {[%clk 0:44:17]} 26. Nc3 {[%clk 1:04:28]}  Be6 {[%clk 0:35:54]} 27. Ne4 {[%clk 0:59:39]}  Qe7 {[%clk 0:28:20]} 28. f4 {[%clk 0:56:59]}  Rd5 {[%clk 0:24:42]} 29. Ng5 {[%clk 0:54:34]}  Qf6 {[%clk 0:17:01]} 30. Qf2 {[%clk 0:53:00]}  Bd7 {[%clk 0:16:01]} 31. Rbe1 {[%clk 0:52:07]}  Rxe1 {[%clk 0:16:12]} 32. Rxe1 {[%clk 0:52:27]}  Rxg5 {[%clk 0:16:02]} 33. Rf1 {[%clk 0:22:49]}  Rd5 {[%clk 0:15:30]} 34. Re1 {[%clk 0:22:47]}  Bc6 {[%clk 0:15:26]} 35. Qe3 {[%clk 0:21:13]}  Rf5 {[%clk 0:15:18]} 36. Rf1 {[%clk 0:19:43]}  Qd4 {[%clk 0:14:27]} 37. Qxd4+ {[%clk 0:14:59]}  cxd4 {[%clk 0:14:46]} 38. Kh2 {[%clk 0:15:18]}  Rc5 {[%clk 0:15:04]} 39. Rf2 {[%clk 0:15:39]}  a5 {[%clk 0:15:15]} 40. a4 {[%clk 0:15:55]}  b5 {[%clk 0:15:31]} 41. axb5 {[%clk 0:15:38]}  Bxb5 {[%clk 0:15:51]} 42. g4 {[%clk 0:15:56]}  a4 {[%clk 0:16:03]} 43. bxa4 {[%clk 0:16:23]}  Bxa4 {[%clk 0:16:27]} 44. Kg3 {[%clk 0:16:00]}  Rxc2 {[%clk 0:16:42]} 45. Kf3 {[%clk 0:15:51]}  d5 {[%clk 0:16:43]} 46. Rxc2 {[%clk 0:15:46]}  Bxc2 {[%clk 0:17:05]} 47. Ke2 {[%clk 0:16:11]}  h5 {[%clk 0:17:09]} 48. g5 {[%clk 0:15:42]}  h4 {[%clk 0:17:33]} 49. Kd2 {[%clk 0:16:08]}  Ba4 {[%clk 0:17:57]} 50. Ke2 {[%clk 0:16:25]}  Bd7 {[%clk 0:18:16]} 51. Kf2 {[%clk 0:16:48]}  Bxh3 {[%clk 0:18:36]} 52. Kg1 {[%clk 0:16:24]}  Bf5 {[%clk 0:18:54]} 53. Kh2 {[%clk 0:16:46]}  Bxd3 {[%clk 0:19:06]} 54. Kh3 {[%clk 0:17:05]}  Be4 {[%clk 0:19:21]} 55. Kxh4 {[%clk 0:17:28]}  d3 {[%clk 0:19:43]} 56. Kg3 {[%clk 0:17:52]}  d2 {[%clk 0:20:07]} 57. f5 {[%clk 0:17:55]}  gxf5 {[%clk 0:20:26]} 58. g6 {[%clk 0:17:54]}  d1=Q {[%clk 0:20:42]} 59. gxf7 {[%clk 0:18:18]}  Qf3+ {[%clk 0:21:04]} 60. Kh4 {[%clk 0:18:32]} 0-1